• 首页
  • 本馆介绍
  • 公告通知
  • 最新文献
  • 馆藏检索
  • 电子资源
  • 读者导购
  • 参考咨询
  • 我的图书馆
  • 登录
  • 详细信息显示
  • 放入我的书架
  • 预约/预借图书
  • 作者相关作品
  • 分类相关作品
  • 丛书相关作品
  • 出版社相关作品

书目信息

  • 表格格式
  • 工作单格式
  • 卡片格式
书名: Researching audiences
作者: Kim Schr?der ... [et al.].
分册号:
分册名:
出版地: London :
 
出版社: Arnold
出版时间: 2003.
页数: x, 422 p. :
开本: 24 cm.
丛书名:
中图分类号:
科图分类号:
其他分类号: G206
主题词:
电子资源: http://www.loc.gov/catdir/toc/fy045/2004270880.html     
000 01024cam a2200325 a 4500
001 E0753092744
003 CAL
005 20070709144930.59
008 040406s2003 enka b 001 0 eng d
010    @a 2004270880
020    @a0340762756.
020    @a0340762748 (pbk.).
040    @aUk@cUk@dOCoLC@dDLC
050 00 @aP96.A83@bR47 2003
082 00 @a302.23/072@222
090    @aG206
093    @aG206@24
094    @a37.103@23
099    @dG206@ex60
245 00 @aResearching audiences / @cKim Schr?der ... [et al.].
260    @aLondon :@bArnold ;@aNew York :@bDistributed in the U.S.A. by Oxford University Press,@c2003.
300    @ax, 422 p. :@bill. ;@c24 cm.
504    @aIncludes bibliographical references (p. 379-412) and index.
650  0 @aMass media@xInfluence@xResearch.
650  0 @aMass media@xAudiences@xResearch.
700 1  @aSchr?der, Kim.
856 41 @3Table of contents@uhttp://www.loc.gov/catdir/toc/fy045/2004270880.html
920    @a242010@z2
920    @a235010@z2
998    @aWUL
    
    Researching audiences / / Kim Schr?der ... [et al.].-London : : Arnold ; ; New York : : Distributed in the U.S.A. by Oxford University Press, , 2003.
    x, 422 p. : : ill. ; ; 24 cm.
    Includes bibliographical references (p. 379-412) and index.
    
    ISBN 0340762756.
    
●
相关链接 在E读中查询图书 在五车中查询图书 在当当中查询图书 在豆瓣中查询图书


正题名:Researching audiences     索取号:G206/x60         预约/预借

序号 登录号 条形码 馆藏地/架位号 状态 备注
1 0011728   300117282   第二样本阅览室/ [索取号:G206/x60] 在馆    
唐山师范学院图书馆 欢迎您!
大连网信软件有限公司© 版权所有